| 000 | 00996nam a2200229Ia 4500 | ||
|---|---|---|---|
| 999 |
_c9660 _d9660 |
||
| 005 | 20231006170825.0 | ||
| 008 | 231006s9999 xx 000 0 und d | ||
| 020 | _a978-99961-326-4-3 | ||
| 040 |
_aUPAN _cBiblioteca San Vicente _eRCAA50 |
||
| 041 | _aspa | ||
| 082 |
_a342.06 _bG748e _c2020 |
||
| 110 | _aUTE | ||
| 245 | 0 |
_aEstrategias de gobierno electrónico/ _bUTE |
|
| 250 | _a1º ed. | ||
| 260 |
_aEl Salvador: _bUTE, _c2020 |
||
| 300 |
_a135 p.; _c24 cm. |
||
| 505 | _aCapitulo I. Aspectos generales de las estrategias de Gobierno electrónico Capitulo II. Marco normativo nacional vinculado con el uso de tecnologías en relacion a la administración de justicia Capitulo III. Situación de la administración de justicia salvadoreña frente a la implementación de estrategias de Gobierno electrónico | ||
| 651 |
_2LEMB _aGobierno _xEstrategias |
||
| 651 |
_2LEMB _aElectrónico _xLegislación |
||
| 700 |
_aComisión Coordinadora del Sector Justicia _4col. |
||
| 942 |
_cBK _2ddc |
||